JRAの所属騎手 - Statistics

General Stats
  • This quiz has been taken 139 times
  • The average score is 41 of 152
Answer Stats
Hint Answer % Correct
武豊
95%
C.ルメール
90%
M.デムーロ
88%
横山武史
80%
横山典弘
80%
川田将雅
76%
戸崎圭太
76%
横山和生
74%
坂井瑠星
66%
和田竜二
64%
岩田康誠
63%
藤岡康太
62%
藤岡佑介
61%
池添謙一
60%
岩田望来
60%
北村友一
54%
幸英明
53%
津村明秀
52%
三浦皇成
52%
柴田善臣
51%
藤田菜七子
51%
松山弘平
51%
今村聖奈
50%
団野大成
47%
永島まなみ
46%
丹内祐次
45%
横山琉人
45%
吉田豊
45%
石神深一
43%
江田照男
43%
北村宏司
43%
内田博幸
42%
西村淳也
42%
浜中俊
42%
柴田大知
41%
鮫島克駿
40%
角田大河
40%
小牧太
39%
菅原明良
39%
石橋脩
38%
吉田隼人
38%
小牧加矢太
35%
木幡巧也
35%
酒井学
35%
田辺裕信
35%
角田大和
34%
田中勝春
33%
小林美駒
32%
佐々木大輔
32%
田口貫太
32%
古川奈穂
32%
和田翼
32%
荻野極
30%
丸田恭介
30%
石川裕紀人
29%
大野拓弥
29%
木幡初也
29%
齋藤新
29%
松若風馬
29%
菱田裕二
28%
松岡正海
28%
武士沢友治
27%
秋山真一郎
26%
杉原誠人
25%
丸山元気
25%
森一馬
25%
草野太郎
24%
髙田潤
24%
黛弘人
24%
鮫島良太
23%
原優介
23%
菊沢一樹
22%
永野猛蔵
22%
河原田菜々
21%
亀田温心
20%
小沢大仁
18%
木幡育也
18%
太宰啓介
18%
富田暁
18%
古川吉洋
18%
水沼元輝
17%
伊藤工真
16%
上野翔
16%
大江原圭
16%
国分恭介
16%
小林勝太
16%
江田勇亮
15%
荻野琢真
15%
勝浦正樹
15%
川須栄彦
15%
国分優作
15%
J.モレイラ
15%
秋山稔樹
14%
小崎綾也
14%
西塚洸二
14%
野中悠太郎
14%
武藤雅
14%
石田拓郎
13%
井上敏樹
13%
黒岩悠
13%
柴山雄一
13%
佐藤翔馬
12%
嶋田純次
12%
白浜雄造
12%
高倉稜
12%
藤井勘一郎
12%
松田大作
12%
水口優也
12%
川又賢治
11%
菅原隆一
11%
藤懸貴志
11%
松本大輝
11%
宮崎北斗
11%
鷲頭虎太
11%
五十嵐雄祐
10%
岩部純二
10%
岡田祥嗣
10%
小野寺祐太
10%
加藤祥太
10%
小林脩斗
10%
小林凌大
10%
西谷誠
10%
森祐太朗
10%
泉谷楓真
9%
大久保友雅
9%
大塚海渡
9%
川端海翼
9%
田中健
9%
土田真翔
9%
長岡禎仁
9%
西村太一
9%
原田和真
9%
W.ビュイック
9%
城戸義政
8%
中井裕二
7%
難波剛健
7%
伴啓太
7%
金子光希
5%
川島信二
5%
北沢伸也
5%
小坂忠士
5%
的場勇人
5%
蓑島靖典
5%
H.ドイル
5%
T.マーカンド
5%
鈴木慶太
4%
田村太雅
4%
中村将之
4%
服部寿希
3%
平沢健治
3%
大庭和弥
2%
高野和馬
2%
No matching quizzes found
Score Distribution
Percent of People with Each Score
Percentile by Number Answered
Your Score History
You have not taken this quiz